| 000 | 00977pam a2200277 a 4500 | ||
|---|---|---|---|
| 005 | 20260322212046.0 | ||
| 008 | data | ||
| 010 | _a 93046730 | ||
| 020 |
_a0452270219 : _c{dollar}12.95 ({dollar}17.50 Can.) |
||
| 020 |
_a9780452270213 : _c{dollar}12.95 ({dollar}17.50 Can.) |
||
| 040 |
_aDLC _cDLC _dDLC |
||
| 050 | 0 | 0 |
_aPN155 _b.B3 1994 |
| 082 | 0 | 0 |
_a808/.02 _220 |
| 092 | _a808.02 B3 1994 | ||
| 100 | 1 | _aBalkin, Richard. | |
| 245 | 1 | 2 |
_aA writer's guide to book publishing / _cRichard Balkin & Nick Bakalar. |
| 250 |
_a3rd ed., rev. and expanded / _brevised by Nick Bakalar and Richard Balkin. |
||
| 260 |
_aNew York, N.Y., U.S.A. : _bPlume, _cc1994. |
||
| 300 |
_axviii, 350 p. : _bill. ; _c21 cm. |
||
| 500 | _a"Two chapters by Jared Carter, revised by Trent Duffy." | ||
| 504 | _aIncludes bibliographical references (p. [334]-343) and index. | ||
| 650 | 0 | _aAuthors and publishers. | |
| 650 | 0 | _aPublishers and publishing. | |
| 700 | 1 | _aBakalar, Nick. | |
| 001 | data | ||
| 999 |
_c1097 _d1097 |
||